Equations of mixed type /

Guardado en:
Autor Principal: Smirnov, M. M.
Formato: Libro
Idioma:English
Russian
Publicado: Providence : American Mathematical Society, 1978.
Series:Translations of mathematical monographs ; v. 51
Materias:
Etiquetas: Agregar Etiqueta
Sin Etiquetas, Sea el primero en etiquetar este registro!
LEADER 00926cam a2200253 a 4500
001 MAT.inmabb006237
008 780418s1978####riu######b####000#0#eng##
005 20170609171620.0
245 1 0 |a Equations of mixed type /  |c by M. M. Smirnov ; [translated from the Russian by Israel Program for Scientific Translations]. 
260 |a Providence :  |b American Mathematical Society,  |c 1978. 
300 |a iii, 232 p. ;  |c 24 cm. 
440 0 |a Translations of mathematical monographs ;  |v v. 51 
500 |a Traducción de: Uraveniia smeshannogo tipa. 
504 |a Bibliografía: p. 222-232. 
510 4 |a MR,  |c 80a:35090 
020 |a 0821845012 
100 1 |a Smirnov, M. M.  |q (Modest Mikhailovich) 
240 1 0 |a Uravneniia smeshannogo tipa.  |l Inglés 
650 0 |a Differential equations, Partial. 
084 |a 35M05  |2 MR 
010 |a  78008260  
040 |a DLC  |c DLC  |d DLC 
041 1 |a eng  |h rus 
859 |h 35  |i Sm641  |p A-5651  |b BIB. MATEMATICA